[Event "Villarobledo Online Qualifyer"]
[Site "playchess.com #155672"]
[Date "2009.05.23"]
[Round "5"]
[White "Mtudorache"]
[Black "King 2009"]
[Result "1/2-1/2"]
[WhiteElo "1743"]
[BlackElo "1676"]
[PlyCount "155"]
[EventDate "2009.05.23"]
[EventType "swiss (blitz)"]

1. e4 {[%emt 0:00:01]} c6 {[%emt 0:00:02]} 2. d4 {[%emt 0:00:01]} d5 {[%emt 0:
00:01]} 3. exd5 {[%emt 0:00:00]} cxd5 {[%emt 0:00:00]} 4. Nf3 {[%emt 0:00:01]}
Nf6 {[%emt 0:00:02]} 5. Ne5 {[%emt 0:00:05]} Nc6 {[%emt 0:00:02]} 6. Bb5 {
[%emt 0:00:01]} Bd7 {[%emt 0:00:03]} 7. Nxd7 {[%emt 0:00:02]} Qxd7 {[%emt 0:00:
02]} 8. c3 {[%emt 0:00:00]} a6 {[%emt 0:00:01]} 9. Bd3 {[%emt 0:00:01]} e6 {
[%emt 0:00:01]} 10. O-O {[%emt 0:00:01]} Bd6 {[%emt 0:00:01]} 11. h3 {[%emt 0:
00:01]} h6 {[%emt 0:00:01]} 12. Nd2 {[%emt 0:00:00]} O-O {[%emt 0:00:02]} 13.
Nf3 {[%emt 0:00:01]} Rac8 {[%emt 0:00:01]} 14. Be3 {[%emt 0:00:05]} Rfd8 {
[%emt 0:00:03]} 15. Qd2 {[%emt 0:00:01]} Bf8 {[%emt 0:00:02]} 16. Rfd1 {[%emt
0:00:05]} b5 {[%emt 0:00:02]} 17. a3 {[%emt 0:00:01]} Na5 {[%emt 0:00:05]} 18.
Ne5 {[%emt 0:00:01]} Qe8 {[%emt 0:00:11]} 19. Qe2 {[%emt 0:00:15]} Nc4 {[%emt
0:00:06]} 20. Rac1 {[%emt 0:00:06]} Bd6 {[%emt 0:00:04]} 21. Ng4 {[%emt 0:00:
16]} Nxg4 {[%emt 0:00:06]} 22. Qxg4 {[%emt 0:00:05]} f5 {[%emt 0:00:03]} 23.
Qe2 {[%emt 0:00:06]} f4 {[%emt 0:00:07]} 24. Bd2 {[%emt 0:00:04]} Nxb2 {[%emt
0:00:02]} 25. Re1 {[%emt 0:00:01]} Nc4 {[%emt 0:00:06]} 26. Bxc4 {[%emt 0:00:
02]} dxc4 {[%emt 0:00:06]} 27. Qxe6+ {[%emt 0:00:00]} Qxe6 {[%emt 0:00:01]} 28.
Rxe6 {[%emt 0:00:00]} Kf7 {[%emt 0:00:10]} 29. Re4 {[%emt 0:00:03]} g5 {[%emt
0:00:04]} 30. Ra1 {[%emt 0:00:09]} a5 {[%emt 0:00:03]} 31. Ree1 {[%emt 0:00:02]
} Rb8 {[%emt 0:00:08]} 32. Reb1 {[%emt 0:00:02]} Rb7 {[%emt 0:00:16]} 33. Kf1 {
[%emt 0:00:02]} Rdb8 {[%emt 0:00:01]} 34. Ke2 {[%emt 0:00:03]} b4 {[%emt 0:00:
03]} 35. axb4 {[%emt 0:00:02]} axb4 {[%emt 0:00:01]} 36. cxb4 {[%emt 0:00:01]}
Bxb4 {[%emt 0:00:01]} 37. Bxb4 {[%emt 0:00:07]} Rxb4 {[%emt 0:00:00]} 38. Rxb4
{[%emt 0:00:04]} Rxb4 {[%emt 0:00:01]} 39. Rc1 {[%emt 0:00:02]} Ke6 {[%emt 0:
00:08]} 40. Kf3 {[%emt 0:00:01]} h5 {[%emt 0:00:03]} 41. Ke4 {[%emt 0:00:02]}
Rb2 {[%emt 0:00:07]} 42. Rxc4 {[%emt 0:00:04]} Rxf2 {[%emt 0:00:02]} 43. Rc6+ {
[%emt 0:00:01]} Kd7 {[%emt 0:00:01]} 44. Rh6 {[%emt 0:00:02]} h4 {[%emt 0:00:
02]} 45. Kd5 {[%emt 0:00:06]} Rxg2 {[%emt 0:00:02]} 46. Rh7+ {[%emt 0:00:00]}
Ke8 {[%emt 0:00:04]} 47. Ke6 {[%emt 0:00:02]} Re2+ {[%emt 0:00:02]} 48. Kf5 {
[%emt 0:00:01]} f3 {[%emt 0:00:04]} 49. Rh8+ {[%emt 0:00:27]} Ke7 {[%emt 0:00:
10]} 50. Rh7+ {[%emt 0:00:01]} Kd6 {[%emt 0:00:01]} 51. Kxg5 {[%emt 0:00:01]}
f2 {[%emt 0:00:02]} 52. Rf7 {[%emt 0:00:01]} Ke6 {[%emt 0:00:02]} 53. Rf3 {
[%emt 0:00:02]} Rd2 {[%emt 0:00:15]} 54. Kxh4 {[%emt 0:00:06]} Kd5 {[%emt 0:00:
24]} 55. Kg5 {[%emt 0:00:05]} Ke4 {[%emt 0:00:06]} 56. Rf4+ {[%emt 0:00:03]}
Ke3 {[%emt 0:00:02]} 57. Rf8 {[%emt 0:00:09]} Rxd4 {[%emt 0:00:04]} 58. h4 {
[%emt 0:00:03]} Rd5+ {[%emt 0:00:22]} 59. Kg4 {[%emt 0:00:11]} Ke2 {[%emt 0:00:
04]} 60. Re8+ {[%emt 0:00:18]} Kf1 {[%emt 0:00:21]} 61. h5 {[%emt 0:00:02]} Kg1
{[%emt 0:00:08]} 62. Rf8 {[%emt 0:00:02]} Rd8 {[%emt 0:00:06]} 63. Rf5 {[%emt
0:00:41] .} Rg8+ {[%emt 0:00:03]} 64. Kh4 {[%emt 0:00:02]} Kg2 {[%emt 0:00:10]}
65. h6 {[%emt 0:00:04]} Rh8 {[%emt 0:00:01]} 66. Kh5 {[%emt 0:00:01]} Rg8 {
[%emt 0:00:03]} 67. h7 {[%emt 0:00:06]} Rg3 {[%emt 0:00:01]} 68. Kh6 {[%emt 0:
00:23]} Rh3+ {[%emt 0:00:01]} 69. Kg7 {[%emt 0:00:02]} Rg3+ {[%emt 0:00:00]}
70. Kf8 {[%emt 0:00:03]} Rh3 {[%emt 0:00:01]} 71. Kg8 {[%emt 0:00:01]} Rg3+ {
[%emt 0:00:01]} 72. Kf8 {[%emt 0:00:01]} Rh3 {[%emt 0:00:01]} 73. Rg5+ {[%emt
0:00:01]} Kh1 {[%emt 0:00:02]} 74. Rf5 {[%emt 0:00:01]} Kg1 {[%emt 0:00:03]}
75. Kg7 {[%emt 0:00:02]} f1=Q {[%emt 0:00:02]} 76. Rxf1+ {[%emt 0:00:02]} Kxf1
{[%emt 0:00:01]} 77. h8=Q {[%emt 0:00:03]} Rxh8 {[%emt 0:00:02]} 78. Kxh8 {
[%emt 0:00:00]} 1/2-1/2

[Event "Villarobledo Online Qualifyer"]
[Site "playchess.com #155672"]
[Date "2009.05.23"]
[Round "6"]
[White "-st!er-"]
[Black "Slavmonster"]
[Result "1-0"]
[WhiteElo "2781"]
[BlackElo "2113"]
[PlyCount "53"]
[EventDate "2009.05.23"]
[EventType "swiss (blitz)"]

1. e4 {[%emt 0:00:04]} e5 {[%emt 0:00:01]} 2. Nf3 {[%emt 0:00:02]} Nc6 {[%emt
0:00:01]} 3. Bc4 {[%emt 0:00:03]} Nf6 {[%emt 0:00:01]} 4. d3 {[%emt 0:00:04]}
Be7 {[%emt 0:00:05]} 5. O-O {[%emt 0:00:01]} d6 {[%emt 0:00:02]} 6. h3 {[%emt
0:00:02]} a6 {[%emt 0:00:07]} 7. a4 {[%emt 0:00:02]} O-O {[%emt 0:00:05]} 8.
Re1 {[%emt 0:00:01]} Be6 {[%emt 0:00:03]} 9. Bxe6 {[%emt 0:00:03]} fxe6 {[%emt
0:00:00]} 10. c3 {[%emt 0:00:02]} Qe8 {[%emt 0:00:03]} 11. Qb3 {[%emt 0:00:03]}
Nd8 {[%emt 0:00:03]} 12. d4 {[%emt 0:00:02]} exd4 {[%emt 0:00:04]} 13. cxd4 {
[%emt 0:00:02]} Qc6 {[%emt 0:00:14]} 14. Nc3 {[%emt 0:00:03]} d5 {[%emt 0:00:
09]} 15. exd5 {[%emt 0:00:02]} Nxd5 {[%emt 0:00:18]} 16. Nxd5 {[%emt 0:00:03]}
exd5 {[%emt 0:00:00]} 17. Rxe7 {[%emt 0:00:02]} Rxf3 {[%emt 0:00:00]} 18. Qxf3
{[%emt 0:00:04]} Qg6 {[%emt 0:00:09]} 19. Qxd5+ {[%emt 0:00:05]} Kh8 {[%emt 0:
00:01]} 20. Bf4 {[%emt 0:00:04]} Nc6 {[%emt 0:00:01]} 21. Rxc7 {[%emt 0:00:01]}
Rd8 {[%emt 0:00:03]} 22. Rd7 {[%emt 0:00:01]} Rf8 {[%emt 0:00:02]} 23. Be5 {
[%emt 0:00:01]} Nxe5 {[%emt 0:00:07]} 24. dxe5 {[%emt 0:00:01]} Qf5 {[%emt 0:
00:06]} 25. Rf1 {[%emt 0:00:04]} h6 {[%emt 0:00:01]} 26. e6 {[%emt 0:00:01]}
Re8 {[%emt 0:00:02]} 27. Qxf5 {[%emt 0:00:01] Slavmonster poddaje siê} 1-0

[Event "Villarobledo Online Qualifyer"]
[Site "playchess.com #155672"]
[Date "2009.05.23"]
[Round "6"]
[White "Artur95"]
[Black "Novoselski"]
[Result "1-0"]
[WhiteElo "2341"]
[BlackElo "2556"]
[PlyCount "39"]
[EventDate "2009.05.23"]
[EventType "swiss (blitz)"]

1. e4 {[%emt 0:00:12]} e5 {[%emt 0:00:01]} 2. Nf3 {[%emt 0:00:02]} Nc6 {[%emt
0:00:01]} 3. d4 {[%emt 0:00:00]} exd4 {[%emt 0:00:02]} 4. Bc4 {[%emt 0:00:00]}
Nf6 {[%emt 0:00:03]} 5. Ng5 {[%emt 0:00:02]} Ne5 {[%emt 0:00:02]} 6. Bb3 {
[%emt 0:00:01]} h6 {[%emt 0:00:02]} 7. f4 {[%emt 0:00:01]} hxg5 {[%emt 0:00:02]
} 8. fxe5 {[%emt 0:00:00]} Nxe4 {[%emt 0:00:03]} 9. Bxf7+ {[%emt 0:00:00]} Kxf7
{[%emt 0:00:01]} 10. Qf3+ {[%emt 0:00:00]} Nf6 {[%emt 0:00:02]} 11. O-O {[%emt
0:00:00]} d5 {[%emt 0:00:21]} 12. Bxg5 {[%emt 0:00:02]} Be7 {[%emt 0:00:01]}
13. Nd2 {[%emt 0:00:02]} Rf8 {[%emt 0:00:15]} 14. exf6 {[%emt 0:00:16]} Bxf6 {
[%emt 0:00:11]} 15. Bxf6 {[%emt 0:00:01]} gxf6 {[%emt 0:00:01]} 16. Qh5+ {
[%emt 0:00:05]} Kg7 {[%emt 0:00:02]} 17. Rf3 {[%emt 0:00:01]} Rg8 {[%emt 0:00:
24]} 18. Rg3+ {[%emt 0:00:19]} Kf8 {[%emt 0:00:01]} 19. Qh6+ {[%emt 0:00:01]}
Ke7 {[%emt 0:00:06]} 20. Qh7+ {[%emt 0:00:04] Novoselski resigns} 1-0

[Event "Villarobledo Online Qualifyer"]
[Site "playchess.com #155672"]
[Date "2009.05.23"]
[Round "6"]
[White "Marx"]
[Black "The great master"]
[Result "1-0"]
[WhiteElo "1288"]
[BlackElo "1459"]
[PlyCount "35"]
[EventDate "2009.05.23"]
[EventType "swiss (blitz)"]

1. e4 {[%emt 0:00:01]} c6 {[%emt 0:00:01]} 2. d4 {[%emt 0:00:01]} d5 {[%emt 0:
00:00]} 3. exd5 {[%emt 0:00:01]} cxd5 {[%emt 0:00:06]} 4. Nc3 {[%emt 0:00:01]}
Nc6 {[%emt 0:00:00]} 5. Nf3 {[%emt 0:00:01]} Nf6 {[%emt 0:00:01]} 6. Bb5 {
[%emt 0:00:01]} Bf5 {[%emt 0:00:01]} 7. Bxc6+ {[%emt 0:00:01]} bxc6 {[%emt 0:
00:00]} 8. O-O {[%emt 0:00:04]} e6 {[%emt 0:00:00]} 9. Bg5 {[%emt 0:00:02]} Be7
{[%emt 0:00:01]} 10. Ne5 {[%emt 0:00:01]} Rc8 {[%emt 0:00:08]} 11. Ne2 {[%emt
0:00:19]} Ne4 {[%emt 0:00:07]} 12. Bxe7 {[%emt 0:00:02]} Qxe7 {[%emt 0:00:01]}
13. Ng3 {[%emt 0:00:01]} Nxg3 {[%emt 0:00:12]} 14. fxg3 {[%emt 0:00:01]} c5 {
[%emt 0:00:03]} 15. g4 {[%emt 0:00:15]} Be4 {[%emt 0:00:09]} 16. Rxf7 {[%emt 0:
00:03]} Qg5 {[%emt 0:00:11]} 17. c3 {[%emt 0:00:05]} cxd4 {[%emt 0:00:08]} 18.
Qa4+ {[%emt 0:00:02] The great master resigns} 1-0

[Event "Villarobledo Online Qualifyer"]
[Site "playchess.com #155672"]
[Date "2009.05.23"]
[Round "6"]
[White "Darkmatter"]
[Black "Burim999"]
[Result "0-1"]
[WhiteElo "1315"]
[BlackElo "1537"]
[PlyCount "48"]
[EventDate "2009.05.23"]
[EventType "swiss (blitz)"]

1. e4 {[%emt 0:00:02]} c5 {[%emt 0:00:02]} 2. d4 {[%emt 0:00:01]} cxd4 {[%emt
0:00:01]} 3. Qxd4 {[%emt 0:00:01]} Nc6 {[%emt 0:00:01]} 4. Qe3 {[%emt 0:00:02]}
d6 {[%emt 0:00:01]} 5. Nc3 {[%emt 0:00:01]} Nf6 {[%emt 0:00:01]} 6. Bd2 {[%emt
0:00:03]} e6 {[%emt 0:00:01]} 7. Nf3 {[%emt 0:00:01]} Be7 {[%emt 0:00:01]} 8.
O-O-O {[%emt 0:00:02]} O-O {[%emt 0:00:03]} 9. Bd3 {[%emt 0:00:04]} a6 {[%emt
0:00:01]} 10. h4 {[%emt 0:00:04]} b5 {[%emt 0:00:02]} 11. h5 {[%emt 0:00:07]}
h6 {[%emt 0:00:02]} 12. Rh3 {[%emt 0:00:03]} Ng4 {[%emt 0:00:18]} 13. Qe2 {
[%emt 0:00:21]} e5 {[%emt 0:00:02]} 14. Rg3 {[%emt 0:00:01]} Kh7 {[%emt 0:00:
06]} 15. Ng1 {[%emt 0:00:05]} Bh4 {[%emt 0:00:05]} 16. Rf3 {[%emt 0:00:15]} Nd4
{[%emt 0:00:03]} 17. Qe3 {[%emt 0:00:14]} Nxf3 {[%emt 0:00:02]} 18. Qe2 {[%emt
0:00:13]} Nd4 {[%emt 0:00:07]} 19. Qf1 {[%emt 0:00:08]} Nxf2 {[%emt 0:00:02]}
20. Re1 {[%emt 0:00:02]} Nxd3+ {[%emt 0:00:02]} 21. Qxd3 {[%emt 0:00:03]} Bxe1
{[%emt 0:00:02]} 22. Bxe1 {[%emt 0:00:02]} Qg5+ {[%emt 0:00:02]} 23. Bd2 {
[%emt 0:00:02]} Qxg2 {[%emt 0:00:04]} 24. Nd5 {[%emt 0:00:07]} Qxg1+ {[%emt 0:
00:05] Darkmatter rinde} 0-1

[Event "Villarobledo Online Qualifyer"]
[Site "playchess.com #155672"]
[Date "2009.05.23"]
[Round "6"]
[White "Orzechowski_Jac"]
[Black "Ricardov"]
[Result "1-0"]
[WhiteElo "2169"]
[BlackElo "2403"]
[PlyCount "53"]
[EventDate "2009.05.23"]
[EventType "swiss (blitz)"]

1. c4 {[%emt 0:00:03]} c6 {[%emt 0:00:01]} 2. e4 {[%emt 0:00:01]} d5 {[%emt 0:
00:00]} 3. exd5 {[%emt 0:00:00]} cxd5 {[%emt 0:00:00]} 4. d4 {[%emt 0:00:00]}
Nf6 {[%emt 0:00:01]} 5. Nc3 {[%emt 0:00:00]} Nc6 {[%emt 0:00:00]} 6. Nf3 {
[%emt 0:00:01]} Bg4 {[%emt 0:00:00]} 7. cxd5 {[%emt 0:00:05]} Nxd5 {[%emt 0:00:
01]} 8. Qb3 {[%emt 0:00:01]} Bxf3 {[%emt 0:00:00]} 9. gxf3 {[%emt 0:00:01]} e6
{[%emt 0:00:00]} 10. Qxb7 {[%emt 0:00:03]} Nxd4 {[%emt 0:00:00]} 11. Bb5+ {
[%emt 0:00:02]} Nxb5 {[%emt 0:00:01]} 12. Qc6+ {[%emt 0:00:03]} Ke7 {[%emt 0:
00:01]} 13. Qxb5 {[%emt 0:00:31]} Qd7 {[%emt 0:00:01]} 14. Nxd5+ {[%emt 0:00:
18]} Qxd5 {[%emt 0:00:01]} 15. Bg5+ {[%emt 0:00:06]} f6 {[%emt 0:00:04]} 16.
Qxd5 {[%emt 0:00:03]} exd5 {[%emt 0:00:01]} 17. Be3 {[%emt 0:00:00]} Ke6 {
[%emt 0:00:04]} 18. O-O-O {[%emt 0:00:01]} Bd6 {[%emt 0:00:10]} 19. Rhe1 {
[%emt 0:00:04]} Rhd8 {[%emt 0:00:27]} 20. Bb6+ {[%emt 0:00:11]} Kd7 {[%emt 0:
00:04]} 21. Bxd8 {[%emt 0:00:02]} Rxd8 {[%emt 0:00:01]} 22. Rxd5 {[%emt 0:00:
02]} Rc8+ {[%emt 0:00:02]} 23. Kb1 {[%emt 0:00:04]} Rc6 {[%emt 0:00:08]} 24. f4
{[%emt 0:00:07]} Kc7 {[%emt 0:00:03]} 25. f5 {[%emt 0:00:04]} Be5 {[%emt 0:00:
15]} 26. h3 {[%emt 0:00:12]} Kb6 {[%emt 0:00:12]} 27. Rc1 {[%emt 0:00:06]
Ricardov resigns} 1-0

[Event "Villarobledo Online Qualifyer"]
[Site "playchess.com #155672"]
[Date "2009.05.23"]
[Round "6"]
[White "Tomik Trhal"]
[Black "Necromant"]
[Result "0-1"]
[WhiteElo "2186"]
[BlackElo "2572"]
[PlyCount "40"]
[EventDate "2009.05.23"]
[EventType "swiss (blitz)"]

1. d4 {[%emt 0:00:02]} Nf6 {[%emt 0:00:01]} 2. c4 {[%emt 0:00:06]} g6 {[%emt 0:
00:01]} 3. Nc3 {[%emt 0:00:01]} d5 {[%emt 0:00:01]} 4. cxd5 {[%emt 0:00:02]}
Nxd5 {[%emt 0:00:01]} 5. Nf3 {[%emt 0:00:01]} Bg7 {[%emt 0:00:02]} 6. e3 {
[%emt 0:00:03]} c5 {[%emt 0:00:04]} 7. Bc4 {[%emt 0:00:08]} Nb6 {[%emt 0:00:03]
} 8. Bb5+ {[%emt 0:00:01]} Bd7 {[%emt 0:00:04]} 9. O-O {[%emt 0:00:22]} cxd4 {
[%emt 0:00:06]} 10. Nxd4 {[%emt 0:00:10]} O-O {[%emt 0:00:01]} 11. Be2 {[%emt
0:00:11]} Nc6 {[%emt 0:00:02]} 12. Nxc6 {[%emt 0:00:09]} Bxc6 {[%emt 0:00:01]}
13. Qc2 {[%emt 0:00:04]} Rc8 {[%emt 0:00:12]} 14. Rd1 {[%emt 0:00:03]} Qc7 {
[%emt 0:00:02]} 15. a3 {[%emt 0:00:07]} Ba4 {[%emt 0:00:05]} 16. Qe4 {[%emt 0:
00:38]} Bxd1 {[%emt 0:00:05]} 17. Nxd1 {[%emt 0:00:00]} Rfd8 {[%emt 0:00:05]}
18. Bf3 {[%emt 0:00:13]} Qc2 {[%emt 0:00:22]} 19. Qxc2 {[%emt 0:00:17]} Rxc2 {
[%emt 0:00:02]} 20. Rb1 {[%emt 0:00:02]} Rdc8 {[%emt 0:00:05] Tomik Trhal
resigns} 0-1

[Event "Villarobledo Online Qualifyer"]
[Site "playchess.com #155672"]
[Date "2009.05.23"]
[Round "6"]
[White "Elo 84"]
[Black "acepoint"]
[Result "0-1"]
[WhiteElo "1675"]
[BlackElo "1872"]
[PlyCount "58"]
[EventDate "2009.05.23"]
[EventType "swiss (blitz)"]

1. d4 {[%emt 0:00:02]} Nf6 {[%emt 0:00:02]} 2. c4 {[%emt 0:00:02]} e5 {[%emt 0:
00:01]} 3. e3 {[%emt 0:00:02]} exd4 {[%emt 0:00:03]} 4. exd4 {[%emt 0:00:01]}
d5 {[%emt 0:00:01]} 5. Nc3 {[%emt 0:00:08]} Bb4 {[%emt 0:00:10]} 6. Qb3 {[%emt
0:00:04]} Qe7+ {[%emt 0:00:11]} 7. Kd1 {[%emt 0:00:11]} Bxc3 {[%emt 0:00:05]}
8. bxc3 {[%emt 0:00:02]} O-O {[%emt 0:00:03]} 9. Ba3 {[%emt 0:00:01]} Qe4 {
[%emt 0:00:30]} 10. Bxf8 {[%emt 0:00:05]} Kxf8 {[%emt 0:00:00]} 11. f3 {[%emt
0:00:07]} Qe3 {[%emt 0:00:03]} 12. Ne2 {[%emt 0:00:22]} Nbd7 {[%emt 0:00:02]}
13. Ng3 {[%emt 0:00:04]} Nb6 {[%emt 0:00:04]} 14. c5 {[%emt 0:00:03]} Nc4 {
[%emt 0:00:11]} 15. Bxc4 {[%emt 0:00:03]} dxc4 {[%emt 0:00:02]} 16. Qxc4 {
[%emt 0:00:01]} Be6 {[%emt 0:00:01]} 17. Qb4 {[%emt 0:00:20]} Qf2 {[%emt 0:00:
07]} 18. Qxb7 {[%emt 0:00:06]} Re8 {[%emt 0:00:02]} 19. Ne4 {[%emt 0:00:10]}
Nxe4 {[%emt 0:00:06]} 20. fxe4 {[%emt 0:00:01]} Bg4+ {[%emt 0:00:09]} 21. Kc1 {
[%emt 0:00:01]} Qxg2 {[%emt 0:00:01]} 22. Re1 {[%emt 0:00:07]} Bf3 {[%emt 0:00:
05]} 23. Qxc7 {[%emt 0:00:06]} Bxe4 {[%emt 0:00:05]} 24. Qd6+ {[%emt 0:00:02]}
Kg8 {[%emt 0:00:03]} 25. Rxe4 {[%emt 0:00:15]} Qxe4 {[%emt 0:00:02]} 26. Kb2 {
[%emt 0:00:01]} Qe2+ {[%emt 0:00:03]} 27. Kb3 {[%emt 0:00:02]} Qb5+ {[%emt 0:
00:03]} 28. Ka3 {[%emt 0:00:07]} Rb8 {[%emt 0:00:13]} 29. c6 {[%emt 0:00:13]}
Qa5# {[%emt 0:00:04]} 0-1

[Event "Villarobledo Online Qualifyer"]
[Site "playchess.com #155672"]
[Date "2009.05.23"]
[Round "6"]
[White "Imperatrix"]
[Black "Q2w3e"]
[Result "1-0"]
[WhiteElo "1666"]
[BlackElo "1573"]
[PlyCount "47"]
[EventDate "2009.05.23"]
[EventType "swiss (blitz)"]

1. d4 {[%emt 0:00:01]} c6 {[%emt 0:00:01]} 2. c4 {[%emt 0:00:02]} d5 {[%emt 0:
00:00]} 3. Nf3 {[%emt 0:00:02]} Nf6 {[%emt 0:00:02]} 4. Nc3 {[%emt 0:00:01]} e6
{[%emt 0:00:02]} 5. e3 {[%emt 0:00:02]} Be7 {[%emt 0:00:02]} 6. Qc2 {[%emt 0:
00:01]} O-O {[%emt 0:00:02]} 7. Bd3 {[%emt 0:00:02]} dxc4 {[%emt 0:00:01]} 8.
Bxc4 {[%emt 0:00:01]} b5 {[%emt 0:00:01]} 9. Bd3 {[%emt 0:00:01]} a6 {[%emt 0:
00:02]} 10. O-O {[%emt 0:00:02]} Bb7 {[%emt 0:00:01]} 11. Ne4 {[%emt 0:00:04]}
Nbd7 {[%emt 0:00:38]} 12. Nxf6+ {[%emt 0:00:05]} Nxf6 {[%emt 0:00:13]} 13. e4 {
[%emt 0:00:03]} Rc8 {[%emt 0:00:08]} 14. e5 {[%emt 0:00:02]} Nd5 {[%emt 0:00:
12]} 15. Bxh7+ {[%emt 0:00:04]} Kh8 {[%emt 0:00:02]} 16. Be4 {[%emt 0:00:06]}
c5 {[%emt 0:00:09]} 17. dxc5 {[%emt 0:00:09]} Rxc5 {[%emt 0:00:10]} 18. Qe2 {
[%emt 0:00:08]} Qa8 {[%emt 0:00:18]} 19. Ng5 {[%emt 0:00:08]} Bxg5 {[%emt 0:00:
37]} 20. Qh5+ {[%emt 0:00:06]} Bh6 {[%emt 0:00:09]} 21. Bxh6 {[%emt 0:00:01]}
g6 {[%emt 0:00:26]} 22. Qh4 {[%emt 0:00:17]} Kg8 {[%emt 0:00:28]} 23. Bxd5 {
[%emt 0:00:04] .} Bxd5 {[%emt 0:00:02]} 24. Qf6 {[%emt 0:00:01] Zeit} 1-0

[Event "Villarobledo Online Qualifyer"]
[Site "playchess.com #155672"]
[Date "2009.05.23"]
[Round "6"]
[White "Spirliadis"]
[Black "Edwinkyky77"]
[Result "1-0"]
[WhiteElo "1910"]
[BlackElo "1776"]
[PlyCount "43"]
[EventDate "2009.05.23"]
[EventType "swiss (blitz)"]

1. e4 {[%emt 0:00:02]} e5 {[%emt 0:00:01]} 2. d4 {[%emt 0:00:01]} exd4 {[%emt
0:00:03]} 3. c3 {[%emt 0:00:01]} d3 {[%emt 0:00:02]} 4. Bxd3 {[%emt 0:00:01]}
Nc6 {[%emt 0:00:07]} 5. Nf3 {[%emt 0:00:03]} d6 {[%emt 0:00:11]} 6. O-O {[%emt
0:00:01]} Nf6 {[%emt 0:00:07]} 7. Bg5 {[%emt 0:00:03]} Be7 {[%emt 0:00:03]} 8.
Nbd2 {[%emt 0:00:02]} O-O {[%emt 0:00:04]} 9. Qc2 {[%emt 0:00:01]} h6 {[%emt 0:
00:02]} 10. Bh4 {[%emt 0:00:03]} Bg4 {[%emt 0:00:06]} 11. Rad1 {[%emt 0:00:07]}
Ne5 {[%emt 0:00:11]} 12. Be2 {[%emt 0:00:07]} Qe8 {[%emt 0:00:18]} 13. Bg3 {
[%emt 0:00:17]} Ng6 {[%emt 0:00:10]} 14. Nc4 {[%emt 0:00:14]} Qc6 {[%emt 0:00:
16]} 15. e5 {[%emt 0:00:08]} dxe5 {[%emt 0:00:12]} 16. Ncxe5 {[%emt 0:00:10]}
Nxe5 {[%emt 0:00:06]} 17. Nxe5 {[%emt 0:00:06]} Qe6 {[%emt 0:00:09]} 18. Nxg4 {
[%emt 0:00:17]} Nxg4 {[%emt 0:00:03]} 19. Rfe1 {[%emt 0:00:01]} Rfe8 {[%emt 0:
00:41]} 20. Bb5 {[%emt 0:00:26]} Qxa2 {[%emt 0:00:09]} 21. Bxe8 {[%emt 0:00:03]
} Rxe8 {[%emt 0:00:01]} 22. Rd7 {[%emt 0:00:07] Edwinkyky77 rinde} 1-0

[Event "Villarobledo Online Qualifyer"]
[Site "playchess.com #155672"]
[Date "2009.05.23"]
[Round "6"]
[White "Kendo"]
[Black "Africanchamp"]
[Result "1/2-1/2"]
[WhiteElo "2715"]
[BlackElo "2890"]
[PlyCount "38"]
[EventDate "2009.05.23"]
[EventType "swiss (blitz)"]

1. d4 {[%emt 0:00:01]} Nf6 {[%emt 0:00:02]} 2. Bg5 {[%emt 0:00:01]} Ne4 {[%emt
0:00:09]} 3. Bf4 {[%emt 0:00:03]} d5 {[%emt 0:00:01]} 4. f3 {[%emt 0:00:02]}
Nf6 {[%emt 0:00:02]} 5. Nc3 {[%emt 0:00:17]} g6 {[%emt 0:00:15]} 6. Qd2 {[%emt
0:00:07]} Bg7 {[%emt 0:00:05]} 7. e4 {[%emt 0:00:07]} dxe4 {[%emt 0:00:03]} 8.
fxe4 {[%emt 0:00:01]} O-O {[%emt 0:00:01]} 9. Nf3 {[%emt 0:00:02]} Bg4 {[%emt
0:00:05]} 10. Bc4 {[%emt 0:00:18]} Nh5 {[%emt 0:00:11]} 11. Be5 {[%emt 0:00:19]
} Bxf3 {[%emt 0:00:09]} 12. Bxg7 {[%emt 0:00:11]} Kxg7 {[%emt 0:00:10]} 13.
gxf3 {[%emt 0:00:02]} e5 {[%emt 0:00:13]} 14. O-O-O {[%emt 0:00:24]} Nc6 {
[%emt 0:00:03]} 15. Ne2 {[%emt 0:00:14]} exd4 {[%emt 0:00:08]} 16. Nxd4 {[%emt
0:00:00]} Ne5 {[%emt 0:00:18]} 17. Be2 {[%emt 0:00:07]} c5 {[%emt 0:00:03]} 18.
f4 {[%emt 0:00:16]} Qxd4 {[%emt 0:00:41]} 19. Qxd4 {[%emt 0:00:05]} cxd4 {
[%emt 0:00:01] Africanchamp offers a draw} 1/2-1/2

[Event "Villarobledo Online Qualifyer"]
[Site "playchess.com #155672"]
[Date "2009.05.23"]
[Round "6"]
[White "jchess06"]
[Black "Promotionfou"]
[Result "0-1"]
[WhiteElo "1830"]
[BlackElo "2103"]
[PlyCount "78"]
[EventDate "2009.05.23"]
[EventType "swiss (blitz)"]

1. d4 {[%emt 0:00:20]} d5 {[%emt 0:00:05]} 2. c3 {[%emt 0:00:00]} Nf6 {[%emt 0:
00:02]} 3. Nf3 {[%emt 0:00:00]} c6 {[%emt 0:00:02]} 4. Bg5 {[%emt 0:00:01]} e6
{[%emt 0:00:01]} 5. e3 {[%emt 0:00:02]} Nbd7 {[%emt 0:00:01]} 6. Bd3 {[%emt 0:
00:00]} Be7 {[%emt 0:00:01]} 7. Nbd2 {[%emt 0:00:00]} O-O {[%emt 0:00:01]} 8.
Qe2 {[%emt 0:00:00]} Re8 {[%emt 0:00:01]} 9. e4 {[%emt 0:00:00]} dxe4 {[%emt 0:
00:02]} 10. Nxe4 {[%emt 0:00:00]} Nxe4 {[%emt 0:00:01]} 11. Qxe4 {[%emt 0:00:
00]} Bxg5 {[%emt 0:00:18]} 12. Qxh7+ {[%emt 0:00:03]} Kf8 {[%emt 0:00:01]} 13.
Qh8+ {[%emt 0:00:01]} Ke7 {[%emt 0:00:01]} 14. Qxg7 {[%emt 0:00:00]} Rg8 {
[%emt 0:00:30]} 15. Qh7 {[%emt 0:00:06]} Nf6 {[%emt 0:00:05]} 16. Qh3 {[%emt 0:
00:05]} e5 {[%emt 0:00:36]} 17. Bf5 {[%emt 0:00:03]} e4 {[%emt 0:00:01]} 18.
Nxg5 {[%emt 0:00:02]} Rxg5 {[%emt 0:00:02]} 19. Bxc8 {[%emt 0:00:07]} Qxc8 {
[%emt 0:00:01]} 20. Qxc8 {[%emt 0:00:17]} Rxc8 {[%emt 0:00:02]} 21. g3 {[%emt
0:00:00]} Kd6 {[%emt 0:00:05]} 22. h4 {[%emt 0:00:00]} Rb5 {[%emt 0:00:03]} 23.
b3 {[%emt 0:00:02]} Re8 {[%emt 0:00:07]} 24. c4 {[%emt 0:00:01]} Rh5 {[%emt 0:
00:03]} 25. Ke2 {[%emt 0:00:05]} e3 {[%emt 0:00:13]} 26. fxe3 {[%emt 0:00:08]}
Ng4 {[%emt 0:00:01]} 27. Kf3 {[%emt 0:00:01]} Nxe3 {[%emt 0:00:02]} 28. Rae1 {
[%emt 0:00:02]} Rf5+ {[%emt 0:00:01]} 29. Ke2 {[%emt 0:00:11]} Nxc4+ {[%emt 0:
00:24]} 30. Kd3 {[%emt 0:00:02]} Nb2+ {[%emt 0:00:01]} 31. Kc2 {[%emt 0:00:01]}
Rf2+ {[%emt 0:00:01]} 32. Kc3 {[%emt 0:00:03]} Rxe1 {[%emt 0:00:31]} 33. Rxe1 {
[%emt 0:00:03]} b5 {[%emt 0:00:00]} 34. a3 {[%emt 0:00:07]} a5 {[%emt 0:00:02]}
35. h5 {[%emt 0:00:06]} b4+ {[%emt 0:00:05]} 36. axb4 {[%emt 0:00:01]} axb4+ {
[%emt 0:00:00]} 37. Kxb4 {[%emt 0:00:00]} Nd3+ {[%emt 0:00:01]} 38. Kc4 {[%emt
0:00:01]} Nxe1 {[%emt 0:00:01]} 39. h6 {[%emt 0:00:00]} Rh2 {[%emt 0:00:01]
jchess06 abandonne} 0-1